Catálogo
 En Linea
Vista normal Vista MARC

Entrada Nombre personal

Número de registros utilizados en: 1

001 - NÚMERO DE CONTROL

  • campo de control: 61518

003 - IDENTIFICADOR DEL NÚMERO DE CONTROL

  • campo de control: BNPHU

005 - FECHA Y HORA DE LA ÚLTIMA TRANSACCIÓN

  • campo de control: 20240305135714.0

008 - DATOS DE LONGITUD FIJA

  • campo de control de longitud fija: 200615|| aca||aabn | a|a d

040 ## - FUENTE DE LA CATALOGACIÓN

  • Centro catalogador/agencia de origen: DO-SdBNP
  • Lengua de catalogación: spa
  • Centro/agencia transcriptor: BNPHU
  • Normas de descripción: rda

100 1# - ENCABEZAMIENTO-NOMBRE DE PERSONA

  • Nombre de persona: Costa Filho, Odylo,
  • Fechas asociadas al nombre: 1914-1979

370 ## - LUGAR ASOCIADO

  • Lugar de nacimiento: São Luís do Maranhão (Brasil)
  • Lugar de fallecimiento: Rio de Janeiro (Brasil)

374 ## - OCUPACIÓN

  • Ocupación: Poeta
  • Ocupación: Periodista

375 ## - GÉNERO/SEXO

  • Género/Sexo: Masculino

377 ## - LENGUA/LENGUAJE ASOCIADO

  • Código del idioma: por

400 1# - TRAZADO DE VÉASE--NOMBRE DE PERSONA

  • Nombre de persona: Costa, Odylo,
  • Fechas asociadas al nombre: 1914-1979

400 1# - TRAZADO DE VÉASE--NOMBRE DE PERSONA

  • Nombre de persona: Costa Filho, Odilo,
  • Fechas asociadas al nombre: 1914-1979

400 1# - TRAZADO DE VÉASE--NOMBRE DE PERSONA

  • Nombre de persona: Filho, Odylo Costa,
  • Fechas asociadas al nombre: 1914-1979

400 1# - TRAZADO DE VÉASE--NOMBRE DE PERSONA

  • Nombre de persona: Costa, Odilo,
  • Fechas asociadas al nombre: 1914-1979

670 ## - FUENTE DE DATOS ENCONTRADOS

  • Cita de la fuente: Work cat.: (OSt)35106: Costa Filho, Odylo, 1914-1979, Poesia completa /, 2010.

670 ## - FUENTE DE DATOS ENCONTRADOS

  • Cita de la fuente: A faca e o rio, 1965

670 ## - FUENTE DE DATOS ENCONTRADOS

  • Cita de la fuente: Odylo Costa, filho, 2015

Con tecnología Koha